00602nam a2200217Ia 450000500170000000800460001703700100006304000080007304000080008104000080008904100080009704100080010508400080011310000210012124500480014226000090019085600630019994200100026299900210027295200910029320260320201704.0008 262003s9999 xx 000 0 eng d aEBOOK aCRL beng cCRL 2eng aeng qCRL aDi Miao91135679 0aSpecial Topics in Structural Dynamics, 2016 bIEEE uhttps://ieeexplore.ieee.org/servlet/opac?bknumber=11000375 cEBOOK c1722931d1722931 00104070aCRLbCRLd2026-03-20l0pCL2127025r2026-03-20 20:17:04w2026-03-20yEBOOK